LEADER 01420nam 2200361Ia 450 001 996396985303316 005 20200818212235.0 035 $a(CKB)4940000000061083 035 $a(EEBO)2240914775 035 $a(OCoLC)ocm23670656e 035 $a(OCoLC)23670656 035 $a(EXLCZ)994940000000061083 100 $a19910501d1629 uy | 101 0 $aeng 135 $aurbn||||a|bb| 200 10$aBy the King, a proclamation for the apprehension of Walter Long esquire, and William Strode gentleman$b[electronic resource] 210 $aImprinted at London $cBy Bonham Norton and Iohn Bill ...$dM.DC.XXIX [1629] 215 $a1 broadside 300 $a"Giuen at Our Court at White-Hall, the seuen and twentieth day of March, in the fifth yeere of Our Reigne of Great Britaine, France and Ireland." 300 $aReproduction of original in the Harvard University. Library. 330 $aeebo-0062 606 $aProclamations$zGreat Britain 607 $aGreat Britain$xHistory$yCharles I, 1625-1649 607 $aGreat Britain$xPolitics and government$y1625-1649 615 0$aProclamations 701 $aCharles$cKing of England,$f1600-1649.$0793295 801 0$bEBK 801 1$bEBK 801 2$bWaOLN 906 $aBOOK 912 $a996396985303316 996 $aBy the King, a proclamation for the apprehension of Walter Long esquire, and William Strode gentleman$92360773 997 $aUNISA LEADER 01273nam 2200337Ia 450 001 996393400103316 005 20221108005941.0 035 $a(CKB)4940000000116538 035 $a(EEBO)2248532970 035 $a(OCoLC)12174262 035 $a(EXLCZ)994940000000116538 100 $a19850619d1643 uy | 101 0 $aeng 135 $aurbn||||a|bb| 200 10$aMr. Hollis his speech to the Lords in Parliament concerning peace$b[electronic resource] $ewith a motion for some course to be taken for repairing of trade, that so poore tradesmen may be preserved to hold out during these troublesome times : whereunto is added a relation of 210 $aLondon $cPrinted for T. Wright$d1643 215 $a[2], 6 p 300 $aReproduction of original in Thomason Collection, British Library. 330 $aeebo-0158 607 $aGreat Britain$xHistory$yCivil War, 1642-1649 700 $aHolles$b Denzil Holles$cBaron,$f1599-1680.$01001819 701 $aHolles$b Denzil Holles$cBaron,$f1599-1680.$01001819 801 0$bEAA 801 1$bEAA 801 2$bm/c 801 2$bUMI 801 2$bWaOLN 906 $aBOOK 912 $a996393400103316 996 $aMr. Hollis his speech to the Lords in Parliament concerning peace$92326685 997 $aUNISA